000 00383nam a22001577a 4500
003 OSt
005 20220114144236.0
008 220114b |||||||| |||| 00| 0 eng d
020 _a9789380026879
040 _cH.U
082 _a604.2
100 _aGupta
_91644
245 _aEngineering Drawing With Auto Cad
260 _aNew Delhi
_bIK International
_c2009
942 _2ddc
_cBOOKS
_n0
999 _c27114
_d27114